000
00204 a2200097 4500
001
26559
100
_a
Sulwman Q
245
_a
Rahmatul-lil-Alameen
260
_a
_b
Islamic book
_c
090
_c
17858
_d
17858
942
_a
NUST-CAE
_c
M
_c
8733
999
_c
261632
_d
261632